Электротехника и электроника Учебное пособие
Учебное пособие посвящено изучению основных положений теории электрических цепей и общей электротехники. В нем приведены задачи с решениями по основным разделам электротехники а также рассматриваются вопросы использования программного комплекса «Electronics Workbench» для компьютерного моделирования...
Sábháilte in:
| Príomhchruthaitheoir: | |
|---|---|
| Formáid: | Учебное пособие |
| Eagrán: | 1 |
| Sraith: | Среднее профессиональное образование |
| Rochtain ar líne: | https://znanium.com/catalog/document?id=364623 https://znanium.com/cover/1190/1190677.jpg |
| Clibeanna: |
Cuir clib leis
Níl clibeanna ann, Bí ar an gcéad duine le clib a chur leis an taifead seo!
|
| LEADER | 03446nam0a2200385 i 4500 | ||
|---|---|---|---|
| 001 | RU\infra-m\znanium\bibl\1190677 | ||
| 003 | https://znanium.com/catalog/document?id=364623 | ||
| 005 | 20250617000000.0 | ||
| 010 | |a 978-5-16-014453-5 | ||
| 010 | |a 978-5-16-108953-8 |b электр. издание | ||
| 100 | |a 20250617d2020 m y0rusy0150 ca | ||
| 101 | 0 | |a rus | |
| 102 | |a RU | ||
| 200 | 1 | |a Электротехника и электроника |e Учебное пособие |f Российский государственный аграрный университет - МСХА им. К.А. Тимирязева | |
| 205 | |a 1 | ||
| 210 | 1 | |a Москва |c ООО "Научно-издательский центр ИНФРА-М" |d 2021 | |
| 215 | |a 267 с. | ||
| 225 | 1 | |a Среднее профессиональное образование | |
| 330 | |a Учебное пособие посвящено изучению основных положений теории электрических цепей и общей электротехники. В нем приведены задачи с решениями по основным разделам электротехники а также рассматриваются вопросы использования программного комплекса «Electronics Workbench» для компьютерного моделирования электрических цепей любой сложности современными компьютерными методами при проведении практических занятий выполнении контрольных работ. Для студентов учреждений среднего профессионального образования обучающихся по укрупненным группам специальностей 13.00.00 «Электро- и теплоэнергетика» и 23.00.00 «Техника и технологии наземного транспорта». Может быть также использовано при подготовке специалистов по электротехническим специальностям в высших учебных заведениях. | ||
| 333 | |a Среднее профессиональное образование | ||
| 606 | |a Промышленность. Энергетика |x Электроэнергетика. Электротехника |2 local | ||
| 608 | |a Учебное пособие |2 local | ||
| 675 | |a 621.3(075.32) |z rus | ||
| 686 | |a 31.2я723 |2 rubbk | ||
| 686 | |a 00.02.39 |2 okso | ||
| 686 | |a 13.02.02 |2 okso | ||
| 686 | |a 13.02.07 |2 okso | ||
| 686 | |a 13.02.13 |2 okso | ||
| 686 | |a 23.02.05 |2 okso | ||
| 686 | |a 27.02.06 |2 okso | ||
| 700 | 1 | |a Маркелов |b С. Н. |g Сергей Николаевич |p Российский государственный аграрный университет - МСХА им. К.А. Тимирязева | |
| 701 | 1 | |a Сазанов |b Б. Я. |g Борис Яковлевич | |
| 801 | 0 | |a RU |b Общество с ограниченной ответственностью «ЗНАНИУМ» |c 20200909 |2 rusmarc | |
| 856 | 4 | |a znanium.com |m ebs_support@infra-m.ru |n НИЦ ИНФРА-М |u https://znanium.com/catalog/document?id=364623 | |
| 856 | 4 | 1 | |a znanium.com |d /cover/1190 |f 1190677.jpg |q image/jpeg |u https://znanium.com/cover/1190/1190677.jpg |